000
00329 a2200157 4500
001
61125
020
_a
040
_c
Anchieta - Pituba
100
_a
Azevedo, Álvares de
240
1
0
_a
Poesias Completas
_l
por
245
1
0
_a
Poesias Completas
300
_a
614
362
0
_a
1962
650
4
_a
Poesia brasileira
942
_c
BK
999
_c
61125
_d
61125